000 00741nam a2200229Ii 4500
003 JO-AjNU
008 230605s9999||||xx |||||||||||||| ||und||
017 _a2000/2/224
020 _a9957-06-046-5
040 _aJO-AjNU
_bara
_erda
_cJO-AjNU
041 _aara
050 1 4 _aQA76.9.D3.S43 2000
100 3 _aشفيق، باسل/ م . مشارك مراد شلباية ,
_eauthor
_942473
245 0 0 _aمفاهيم اساسية في قواعد البيانات، ج2
250 _aط1
264 3 1 _aعمان:دار المسيرة، 2000
300 _aج2، 289ص
336 _atext
_btxt
_2rdacontent
337 _aunmediated
_bn
_2rdamedia
338 _avolume
_bnc
_2rdacarrier
650 4 _aالحاسوب- البيانات
_942474
999 _aA18189
_c21757
_d21757